[Event "Pardubice op-A"]
[Site "Pardubice"]
[Date "2005.07.27"]
[Round "6"]
[White "Henrichs, Thomas"]
[Black "Sundararajan, Kidambi"]
[Result "1-0"]
[WhiteElo "2413"]
[BlackElo "2484"]
[Annotator "Gutman,L"]
[PlyCount "41"]
[EventDate "2005.07.22"]
[EventType "swiss"]
[EventRounds "9"]
[EventCountry "CZE"]
[SourceTitle "CBM 107 Extra"]
[Source "ChessBase"]
[SourceDate "2005.09.01"]
[SourceVersion "1"]
[SourceVersionDate "2005.09.01"]
[SourceQuality "1"]

1. e4 c5 2. Nf3 d6 3. d4 cxd4 4. Nxd4 Nf6 5. Nc3 a6 6. Be3 e6 7. f3 b5 8. g4 h6
9. Qd2 Nbd7 10. O-O-O Bb7 11. h4 b4 12. Na4 d5 (12... Qa5 13. b3 Nc5 14. a3
Nxa4 (14... Rc8 15. Qxb4 $5 Qc7 16. Kb1 Nfd7 17. Nb2 {Anand-Kasimdzhanov,
Rapid 2005}) 15. axb4 Qc7 16. bxa4 Nd7 {ist ziemlich unklar, siehe
Belov-Ehlvest, Moskau Aeroflot 2005}) 13. Bh3 dxe4 (13... Qa5 14. b3 dxe4 15.
g5 hxg5 16. hxg5 exf3 17. Nxe6 fxe6 18. Bxe6 Rxh1 19. Bxd7+ Kf7 20. Rxh1 Ne4 {
gilt als kritisch, wie in Lutz-Sammalvuo, Calvia Ol 2004, oder Lugo- Novikov,
San Diego 2004}) 14. g5 hxg5 (14... exf3 {, Pedersen-Lonberg, Kopenhagen 2005}
15. gxf6 Nxf6 16. Rhe1 Qa5 17. b3 Ne4 18. Qh2) 15. hxg5 exf3 16. Nxe6 $1 (16.
gxf6 Nxf6 17. Qf2 $5 (17. Nb3 Qxd2+ 18. Rxd2 Rh5 19. Nb6 Rd8 20. Rxd8+ Kxd8 21.
Rd1+ Kc7 22. Bf1 g5) (17. Bg2 Rxh1 18. Bxh1 Qa5 19. b3 Rd8 {Sammalvuo}) 17...
Qa5 18. b3 {ist auch nicht übel.}) (16. g6 Rxh3 17. Rxh3 Qa5 18. b3 Ne5 19.
gxf7+ Kxf7 20. Qe1 Rc8 21. Kb1 $15 {Kriventsov-Najer, Philadelphia 2002}) 16...
fxe6 17. Bf5 exf5 (17... Rh6 18. gxh6 exf5 19. h7 Nxh7 20. Rxh7 Bc6 21. Rh8 Kf7
{(Harald Fietz, 64) ist keine wirkliche Rettung wegen} 22. Nb6 Nxb6 23. Qxd8
Rxd8 24. Rxd8 Nd7 25. Rc8 Bb5 26. Rh5 Ke6 27. Rg5 Ke5 28. Rg3 Be2 29. Kd2 $16)
18. Rxh8 Nd5 (18... Ne4 $2 19. Qxb4 Qc7 20. Rxd7 $1 ({Erenburg gibt} 20. Nb6
Ndc5 21. Bxc5 Nxc5 22. Re1+ Be4 23. Nxa8 Nd3+ 24. Kb1 Qxc2+ 25. Kxc2 Nxb4+ {
als die beste Antwort.}) 20... Kxd7 21. Nb6+ Ke6 22. Qb3+ Ke7 23. Nxa8 Bxa8 24.
g6 {mit GEWINN.}) (18... Ng4 19. Nc5 Nxc5 20. Qxd8+ Rxd8 21. Rxd8+ Kxd8 22.
Rxf8+ Kd7 23. Bxc5 Ke6 24. Kd2 {hat sich nicht bewährt für Schwarz in Zhang
Penhiang-L´Ami, Hoogoveen 2004.}) 19. Nc5 Bc6 20. Re1 $5 (20. Bd4 Qa5 $2 21.
Qe1+ Kd8 22. Qe6 Kc7 23. Nxd7 {folgte in Erenburg-Sammalvuo, Budapest 2004.})
20... Nxe3 (20... Kf7 21. Ne6) 21. Qxe3+ 1-0

[Event "World Women-ch"]
[Site "Kazan/Shenyang"]
[Date "1999.07.21"]
[Round "14"]
[White "Xie, Jun"]
[Black "Galliamova, Alisa"]
[Result "1-0"]
[WhiteElo "2528"]
[BlackElo "2556"]
[Annotator "Hansen,Cu"]
[PlyCount "159"]
[EventDate "1999.07.05"]
[EventType "match"]
[EventRounds "16"]
[EventCountry "RUS"]
[SourceTitle "CBM 073"]
[Source "ChessBase"]
[SourceDate "1999.12.01"]
[SourceVersion "1"]
[SourceVersionDate "1999.12.01"]
[SourceQuality "1"]

1. e4 c5 2. Nf3 e6 3. d4 cxd4 4. Nxd4 d6 5. Nc3 Nf6 6. Be3 a6 7. f3 Be7 8. Qd2
O-O 9. O-O-O Nc6 10. g4 Nd7 11. h4 Nxd4 12. Bxd4 b5 13. g5 b4 14. Ne2 Qa5 15.
Kb1 e5 16. Be3 Nc5 17. Nc1 Be6 18. Bh3 Rad8 19. g6 Bxh3 20. gxh7+ Kh8 21. Rxh3
f5 22. Bg5 Qc7 23. Qxb4 fxe4 24. fxe4 Rb8 25. Qc4 Qb7 26. Nb3 Bxg5 27. hxg5
Nxe4 28. Rh5 d5 29. Qa4 Rf2 30. g6 Qc7 ({RR} 30... Qc8 $1 $19 31. Rc1 Qg4 $1 {
[%csl Yc3,Ye4][%cal Rg4a4,Rg4h5]}) 31. Rc1 Rg2 32. Qxa6 Nf6 33. Rh3 Rxg6 34.
Qd3 Rg4 35. a3 d4 36. Rf1 Rg2 37. Nd2 Qb7 38. Nc4 Qd5 39. Qf3 Qxf3 40. Rfxf3
Rg1+ 41. Ka2 Re8 42. Rf5 Re1 43. Nd6 Rf8 44. Rh4 Re2 45. a4 g6 46. Rg5 Nxh7 47.
Rxg6 Rxc2 48. Re6 Rb8 49. Nb5 Kg8 50. Rxe5 d3 51. Rd5 Nf6 52. Rxd3 Kf7 53. Rf4
Rb6 54. Rdf3 Ke7 55. Rf2 Rxf2 56. Rxf2 Ke6 57. Ka3 Nd7 58. Rh2 Kd5 59. Rh5+ Kc6
60. Kb4 Kb7 61. Rh7 Kc8 62. b3 Rg6 63. Na3 Ne5 64. Nc4 Rg4 65. a5 Nxc4 66. bxc4
Kb8 67. Kb5 Rg1 68. Kb6 Rb1+ 69. Kc6 Ra1 70. Rh8+ $6 {The importance of this
game seems to have had a great effect on both players. The straight way to the
win would have been:} (70. c5 $1 Rg1 (70... Rxa5 $2 71. Kb6) 71. Rh8+ Ka7 72.
Rd8 {followed by Kc6-c7, c5-c6 with an easy win}) 70... Ka7 71. Kd6 Rd1+ 72.
Kc7 $4 {RR: Maybe, instead 72.Kc6 was played. Than the next moves make more
sense.  But this is rearly incredible} Rg1 $4 (72... Rc1 $1 73. Rh4 {What else?
} Ka6 74. Kc6 Kxa5 75. c5 Rg1 $11 {With a theoretical drawn position!}) 73. c5
Rg5 74. Kd6 (74. c6 $1) 74... Rg6+ 75. Kd7 Rg7+ 76. Kc8 Rg2 $6 (76... Rg6 77.
Kd7 $1 ({Not} 77. Rh7+ Ka6 78. Kd7 Kb5 $1 $11) 77... Rg7+ (77... Kb7 78. Re8
$18) 78. Kd6 Rg6+ 79. Kd5 Rg5+ (79... Kb7 80. Rh7+ Ka6 81. c6 $18) 80. Kc4 Rg1
81. c6 $18) 77. c6 Rd2 78. Rd8 Rc2 79. c7 Rc1 80. Kd7 1-0

[Event "Mermaid Beach Club"]
[Site "Bermuda"]
[Date "1997.??.??"]
[Round "6"]
[White "De Firmian, Nick E"]
[Black "Hjartarson, Johann"]
[Result "1-0"]
[WhiteElo "2575"]
[BlackElo "2585"]
[Annotator "Har Zvi,R"]
[PlyCount "69"]
[EventDate "1997.01.??"]
[EventType "tourn"]
[EventRounds "11"]
[EventCountry "BER"]
[EventCategory "11"]
[SourceTitle "CBM 058"]
[Source "ChessBase"]
[SourceDate "1997.06.01"]
[SourceVersion "1"]
[SourceVersionDate "1997.06.01"]
[SourceQuality "1"]

1. e4 c5 2. Nf3 e6 3. Nc3 d6 4. g3 Nf6 5. Bg2 Be7 6. O-O O-O 7. d4 cxd4 8. Nxd4
a6 9. a4 Nc6 10. Be3 (10. Nb3 Na5 (10... Rb8 11. a5 b5 12. axb6 Qxb6 13. Be3
Qc7 14. f4 Rd8 15. Qe2 d5 16. e5 (16. exd5 Nxd5) 16... Nd7 17. Bxd5 $5 Ndxe5 $8
(17... exd5 $2 18. Nxd5 Qb7 19. Na5 $1 $18) 18. Be4 Nd7 $13 {Spangenberg,
H-Vera,R Matanzas 1993 58/(257)}) 11. Nxa5 Qxa5 12. g4 (12. Be3 Bd7 13. Qd2 Kh8
14. h3 Bc6 15. Rfd1 Rfd8 16. Bd4 Rac8 17. Qe3 Nd7 18. Nd5 Bxd5 19. exd5 e5 20.
Bc3 Qc7 21. a5 $13 {/+/= Serper,G-Epishin,V Uzhgorod 1987}) 12... Nd7 13. Bd2
Qc7 $132 {Kamsky,G-Polugaevsky,L Reggio Emilia 1991}) 10... Qc7 11. f4 (11. Qe2
Rb8 12. f4 (12. h3 Bd7 13. g4 Nxd4 14. Bxd4 Bc6 15. g5 Nd7 16. h4 b5 17. axb5
axb5 18. b4 Ne5 $13 {Atlas,V-Jansa,V Aut-chT 9596 1996}) 12... Nxd4 13. Bxd4 e5
14. Be3 Be6 15. Nd5 Bxd5 16. exd5 Nd7 $6 (16... exf4 $142 $13) 17. f5 $1 $14 {
Atlas,V-Mokry,K Bratislava 1990}) (11. Kh1 Bd7 12. f4 Rac8 (12... Rab8 {54/218}
) 13. Nb3 Na5 14. Nxa5 Qxa5 15. g4 Qb4 16. g5 Ne8 17. Qd2 Bd8 18. Ra3 Ba5 19.
Rb3 Qc4 20. Qf2 f6 $13 {de Firmian,N-Wolff,P USA (ch) 1995 65/(224)}) 11... Re8
12. Kh1 Rb8 (12... Nxd4 13. Qxd4 Bd7 14. a5 Bc6 {1/2-1/2 Popovic,P-Ribli,Z
Bosnia Herzegovina 1985}) 13. Nb3 b6 (13... Na5 14. Nxa5 (14. e5 $5 Nc4 (14...
dxe5 $6 15. fxe5 Nd7 (15... Nc4) 16. Rxf7 $1 Kxf7 17. Qh5+ Kf8 18. Rf1+) 15.
Ba7 dxe5 16. Bxb8 Qxb8 17. Qe2 Qc7 18. fxe5 Nxe5 19. Ne4 $44 {/+/=}) 14... Qxa5
15. g4 $36) 14. g4 {a typical idea in these type of position advancing the "G"
pawn and then trying to create threats along the half open "H" file} Bb7 15. g5
Nd7 16. Rf3 Bf8 17. Rh3 g6 18. Qg4 Nb4 19. Rc1 (19. Qh4 $6 h5 20. Rc1 (20. gxh6
Nxc2 21. h7+ Kh8) 20... Bg7 $36) 19... f5 (19... Bg7 20. Qh4 Nf8) 20. gxf6 Nxf6
21. Qh4 Bg7 22. Bf3 Rf8 23. Qf2 Ba8 (23... Bc6 24. Nd4 Bd7) (23... g5 $5 {
just a typical idea,for example was played in one of the most famous games
Karpov,A-Kasparov moscow II match (24) in the game was made Kasparov the world
champion} 24. Bxb6 Qd7 $13) 24. Rg1 Rf7 25. Nd4 Re8 26. f5 $1 exf5 27. exf5 Ne4
$2 {a mistake in a very complicated position,after this move white gets the
advantage but the position is not that simple} (27... Qc8 28. fxg6 $2 {this
natural move is a serious mistake!} (28. Ne6 Nh5 29. Nxg7 (29. Rxh5 Rxe6 $1 $17
) 29... Nxg7 $17) (28. Bh6 $1 Ne4 29. Nxe4 Bxe4 30. Bxe4 $1 (30. Bxg7 Bxf5 $3 {
becuase of this move it is so important to take first on e4}) 30... Rxe4 31.
Bxg7 Rxg7 (31... Kxg7 $4 32. Rxh7+ $18) 32. Ne6 $40) 28... hxg6 $17 {it seems
as an unclear position but after looking at the position a few minutes more
you can see it is difficult to play with white,the main problem is that is
some veriations the e3 bishop is hanging,that's way Bh6! is white best move
just playing a usefull move with the "hanging" bishop} (28... Qxh3 29. gxf7+
Kxf7 30. Bxa8 Rxa8 31. Ne4)) 28. Qh4 (28. Qg2 {this was another possible move,
which also seems good for white,but the text move is a "killing"} gxf5 29. Nxf5
) 28... Bf6 (28... Nxc3 29. Bxa8 Bf6 (29... Rxa8 $4 30. Qxh7+ Kf8 31. Ne6+) 30.
Qh6 Rxa8 31. fxg6 Qb7+ 32. Nf3 $18) 29. Qh6 g5 30. Ne6 Qc4 31. Nxe4 Bxe4 32.
Bxg5 $18 Bxf3+ 33. Rxf3 Bxg5 34. Rxg5+ Kh8 35. Rg7 1-0

[Event "CHN-ch"]
[Site "Xinghua"]
[Date "2017.05.03"]
[Round "10"]
[White "Lu, Shanglei"]
[Black "Zeng, Chongsheng"]
[Result "1-0"]
[WhiteElo "2620"]
[BlackElo "2536"]
[Annotator "Havasi,G"]
[PlyCount "105"]
[EventDate "2017.04.23"]
[EventType "tourn"]
[EventRounds "11"]
[EventCountry "CHN"]
[EventCategory "12"]
[SourceTitle "CBM 179"]
[Source "ChessBase"]
[SourceDate "2017.07.12"]
[SourceVersion "1"]
[SourceVersionDate "2017.07.12"]
[SourceQuality "1"]

1. e4 c5 2. Nf3 e6 3. g3 Nc6 4. Bg2 Nf6 5. Nc3 d6 6. d4 cxd4 7. Nxd4 {With
these moves the game transposed to a Scheveningen.} Bd7 8. Be3 Be7 9. h3 O-O
10. f4 Nxd4 11. Qxd4 Bc6 12. O-O Qc7 {This move had been played in only two
games before.} ({Yu Yangyi preferred} 12... b5 {and after some moves, Black
equalised easily} 13. e5 Nd5 14. Nxd5 Bxd5 15. Bxd5 dxe5 16. fxe5 exd5 17. Rad1
Qc8 18. Qxd5 Qxh3 19. Bf2 Rac8 20. c3 Bc5 21. Bxc5 Qxg3+ 22. Kh1 Qh3+ 23. Kg1
Qg3+ 24. Kh1 Qh3+ 25. Kg1 Qg3+ {1/2 (25) Lu,S (2595)-Yu,Y (2736) Danzhou 2015})
13. a4 $1 {A good, typical move with the idea of expanding on the queenside.}
a6 (13... d5 14. e5 (14. exd5 Rad8 {is counterplay for Black}) 14... Nd7 {
leads to a more closed structure, it is similar to the French.}) 14. a5 Rac8 (
14... d5 15. exd5 Rad8 (15... Nxd5) 16. Qb6 $1 {is the difference compared to
the previous line.}) 15. Rfd1 (15. Qd2 {comes into consideration to prepare
the possibility of Bb6 -} d5 16. Bb6) 15... e5 (15... d5 {is possible, it may
equalise} 16. e5 Nd7) 16. Qd3 exf4 17. gxf4 {Black managed to make change in
White's structure, but as we will see, this gave White the possibily to play
on the g-file.} Rfe8 18. Bb6 Qb8 19. Bd4 {Sending the queen back and placing
the bishop on the strong central square, that can push the f6-knight and the
g7.} Nd7 20. Rd2 {This is a good position-improving plan to double on the
d-file.} Rcd8 (20... Qc7 {a logical, principled move, because the a5-pawn is
under attack and the rook cannot move.}) 21. Rad1 Bf8 (21... Qc7 22. Qg3 Bf6
23. b4 $14) 22. b4 {Over-protecting the a5-pawn.} Nc5 $1 {A spectacular,
active move, but White can just move the queen.} 23. Qe3 Na4 $1 (23... Nxe4 {
does not work:} 24. Bxe4 f5 25. Bxc6 Rxe3 26. Bd5+ Kh8 27. Bxe3 $18) (23... Ne6
24. Ba7 $14) 24. Nxa4 Bxa4 {Black has managed to get rid of the N, and create
some space for his pieces.} 25. Qg3 (25. Qa3 Bc6 26. Qg3 {is a precise move,
but not human, as White calculated, that the B would go to c6 anyway.}) 25...
Bc6 (25... Rc8 $1 {is suggested by the computer and seems to be a good active
move.}) 26. Bf3 (26. f5 {is a good active move and threatens with Bxg7.}) 26...
Rd7 $1 {Overprotecting the g7-pawn, at the same time not weakening the king
position.} 27. f5 g6 28. Qf4 Rde7 29. Re1 Re5 $1 {Good counterchance for Black.
} 30. c3 $1 {Now White is already threatening to take the R.} (30. Bxe5 {
is a mistake} dxe5 31. Qe3 Bxb4 32. c3 Bxa5 $15 {It is obvious, that Black has
counterplay.}) 30... d5 (30... Bg7 31. f6 Bh8 32. Bxe5 dxe5 33. Qg5 Re6 {
is interesting. According to the computer, this position is more or less fine
for Black.}) 31. Bxe5 Rxe5 32. Rde2 Bd6 (32... dxe4 $1 33. Bxe4 Qd6 {is
already unclear.}) 33. Qh4 Bb5 34. Re3 Qe8 35. Qf6 (35. Qf2 Qd8 $44 {Black has
some compensation.}) 35... Bb8 (35... Bc7 $1 {would be stronger, with the plan
of Bd8-4, but Bb8 was also logical with the plan of Ba7.} 36. Be2 Bc6 $36 {
and Black even has the initiative}) 36. Qb6 $1 {A very good move. Protecting
the e3 R and preventing Ba7.} Qd7 37. Rd1 (37. exd5 Qxf5 38. Bg2 Rxe3 39. Qxe3
$16) 37... Bc7 38. Qc5 Qd8 (38... Bd6 $1 {is strong with the idea of preparing
Qe7.} 39. Qd4 Qe7) 39. Rxd5 Qg5+ 40. Bg2 Qf4 41. Qd4 ({The computer suggests} 
41. fxg6 hxg6 {and, that is the same plan, as in the game, but preventing gxf5}
42. Qd4) 41... Bc6 {A logical move, but it runs into...} (41... gxf5 $1 {
is simply taking the pawn and White can't recapture it.}) 42. Rf3 $1 {, that
is an important move, and forces Black to exchange the rook, as otherwise he
would lose it.} Rxd5 43. exd5 Qh2+ 44. Kf2 Be5 45. Qh4 $18 {White is already
winning with this nice motif, as the d5 P can't be taken.} Bb8 46. Qd8+ Kg7 47.
c4 Ba4 48. fxg6 hxg6 49. Qf6+ Kh6 50. Qh8+ Kg5 51. h4+ Kg4 52. Qd4+ Kh5 53. Qf6
1-0

[Event "EU-Cup 30th"]
[Site "Bilbao"]
[Date "2014.09.17"]
[Round "4.5"]
[White "Radjabov, Teimour"]
[Black "Sasikiran, Krishnan"]
[Result "1-0"]
[WhiteElo "2717"]
[BlackElo "2680"]
[Annotator "Havasi,G"]
[PlyCount "83"]
[EventDate "2014.09.14"]
[EventType "team-swiss"]
[EventRounds "7"]
[EventCountry "ESP"]
[SourceTitle "CBM 163"]
[Source "ChessBase"]
[SourceDate "2014.11.11"]
[SourceVersion "1"]
[SourceVersionDate "2014.11.11"]
[SourceQuality "1"]
[WhiteTeam "SOCAR"]
[BlackTeam "Novy Bor"]
[WhiteTeamCountry "AZE"]
[BlackTeamCountry "CZE"]

1. e4 c5 2. Nf3 d6 3. d4 cxd4 4. Nxd4 Nf6 5. Nc3 a6 6. f3 e6 7. Be3 b5 8. Qd2
Nbd7 9. g4 h6 10. O-O-O b4 11. Nce2 Qc7 {This line is one of the most
complicated English Attacks. Black has played b4 and wants to play d5, but 11..
.d5 doesn't work because of 12.exd5 Nxd5 Nf4 with great pressure on the centre.
} (11... d5 12. exd5 Nxd5 13. Nf4 $36) 12. h4 d5 {And this is one of the
tabiya positions of this system. White has many choices, but some of them are
risky and very hard. In the game Radjabov preferred to try something new with
13.g5.} 13. g5 $5 (13. Nf4 {- see Morozevich-Vachier Lagrave CBM 132}) (13. Ng3
{is also interesting as the N can't be taken}) (13. Bf4 {is the most popular
move.}) 13... hxg5 14. exd5 Nxd5 (14... e5 {was played in a correspondence
game, but it led to a very complicated fight after} 15. Nc6 Rxh4 16. Rg1 Bb7
17. Bxg5 $13 {Mueller-Pezzica, corr. 2010}) 15. Bxg5 N7f6 $146 {This is
Sasikiran's novelty.} (15... N7b6 16. Nf4 {is similar}) (15... e5 16. Re1 {
with a very complicated position, which is very unclear, even for the
computers.}) 16. Nf4 Bd6 $1 17. Nxd5 Nxd5 18. Kb1 (18. Nf5 Be5 $1 {and Black
holds.}) 18... Bb7 (18... Be5 {or}) (18... Rb8 {are the other possible moves.})
19. Qe1 (19. Bh3 $1 {was stronger with the plan of Nxe6} Bf4 $1 20. Qe1 $1 Kf8
$1 {The only move} 21. Bxe6 $1 Re8 22. Bxf4 Qxf4 23. Ne2 $1 Qc4 24. Bxd5 Bxd5
25. b3 Qc5 26. Rd3 $14) 19... Be7 $6 {The first mistake.} (19... Be5 $1 $13)
20. Bh3 $1 Bxg5 {And the second one, but other moves are bad as well.} (20...
e5 $1 21. Bxe7 (21. Nf5 Bxg5 22. hxg5 O-O-O $44) 21... Nxe7 22. Nb3 Nd5 23. Rg1
$36) 21. hxg5 Nf4 $1 {The best chance, but White has...} (21... O-O-O 22. Nxe6
$1 $18) (21... e5 22. f4 $1 $18) 22. g6 $1 {...with a dangeous attack.} O-O-O
$1 (22... Rxh3 23. Rxh3 Nxh3 24. gxf7+ Qxf7 25. Nxe6 Qe7 $1 26. Qe5 Ng5 27.
Nxg7+ Kf7 28. Qf5+ Kg8 29. Nh5 $18) 23. gxf7 Qxf7 $1 (23... Nxh3 24. Rxh3 $16 (
24. Qxb4 $16)) 24. Qxb4 Nxh3 $2 {But this is losing.} ({A more resilient try
would have been} 24... Qd7 $1 25. Qc4+ (25. Qc5+ Qc7 26. Bxe6+ Nxe6 27. Nxe6
Rxd1+ 28. Rxd1 Qxc5 29. Nxc5 Bxf3 30. Rg1 g5 {and somehow Black has drawing
chances}) 25... Kb8 26. Nc6+ $1 Qxc6 27. Qxf4+ Qc7 28. Rxd8+ Rxd8 29. Qg4 Rd2
30. Rc1 e5 31. Bf1 $16) 25. Qc5+ Kb8 26. Rxh3 $1 Qd7 (26... Rxh3 27. Nc6+ Bxc6
28. Qb6+ $18) 27. Rxh8 Rxh8 28. Qe5+ Ka8 29. Kc1 (29. f4 $18) 29... Rc8 30. Rd3
Qa4 31. Kb1 Rh8 32. b3 Qa3 33. Rd1 Rd8 34. Rd3 Rh8 35. Rd1 Rd8 36. Qxg7 Qa5 37.
Qg1 e5 38. Ne6 Rc8 39. Qe3 Rc3 40. Rd8+ Qxd8 41. Qxc3 Qf6 42. Nc5 1-0

[Event "RUS-chT 06th"]
[Site "St Petersburg"]
[Date "1999.05.23"]
[Round "8"]
[White "Zaitsev, Vadim"]
[Black "Tregubov, Pavel V"]
[Result "1/2-1/2"]
[WhiteElo "2412"]
[BlackElo "2570"]
[Annotator "Hecht,H"]
[PlyCount "104"]
[EventDate "1999.05.16"]
[EventType "team-tourn"]
[EventRounds "9"]
[EventCountry "RUS"]
[SourceTitle "EXT 2020"]
[Source "ChessBase"]
[SourceDate "2019.10.17"]
[SourceVersion "1"]
[SourceVersionDate "2019.10.17"]
[SourceQuality "1"]
[WhiteTeam "Novokuznetsk"]
[BlackTeam "Belorechensk Khimik"]
[WhiteTeamCountry "RUS"]
[BlackTeamCountry "RUS"]

1. e4 c5 2. Nf3 e6 3. d4 cxd4 4. Nxd4 Nc6 5. Nc3 Qc7 6. g3 a6 7. Bg2 d6 8. O-O
Bd7 9. Nxc6 Bxc6 10. a4 Nf6 11. a5 Be7 12. Be3 O-O 13. Bb6 Qb8 14. Bd4 Nd7 15.
Na4 Bd8 16. Qd2 b5 17. axb6 e5 18. Be3 Nxb6 19. Bxb6 Bxb6 20. Nxb6 Qxb6 21.
Qxd6 Rfd8 22. Qxe5 Rd2 23. Qc3 Rad8 24. Bf3 g6 25. Rad1 Rxd1 26. Rxd1 Rxd1+ 27.
Bxd1 Bxe4 28. Qe3 Qb7 29. f3 Bc6 30. b3 a5 31. Be2 a4 32. bxa4 Qb1+ 33. Bf1
Bxa4 34. c4 Bc6 35. h4 h5 36. Kf2 Qf5 37. Be2 Qh3 38. Qe5 Qh2+ 39. Ke3 Qg1+ 40.
Kd2 Qf2 41. c5 Bxf3 42. Qe3 Qxe2+ 43. Qxe2 Bxe2 44. Kxe2 {[#] Der entfernte
Freibauer gewinnt deswegen nicht, weil Schwarz rechtzeitig mittels f6 und g5
einen wichtigen Bauern tauschen kann. Gegen den verbleibenden weißen h-Bauern
hält er mit einem Tempo remis.} Kf8 45. Kd3 Ke7 46. Kc4 Kd7 $1 {Genauigkeit
ist gefragt. Zu früh wäre hier f6, weil dann der weiße König entscheidend Raum
gewinnt. Man sehe:} (46... f6 47. Kb5 Kd7 (47... g5 48. Kb6 gxh4 49. gxh4 f5
50. c6 f4 51. c7 $18) 48. Kb6 Kc8 49. Kc6 $1 {Der entscheidende Raum- und
Tempogewinn, weil der schwarze König am Rand kleben bleibt.} g5 50. Kd6 gxh4
51. gxh4 {[#] Da nun Kb7 an Kd7 scheitert, verliert Schwarz das entscheidende
Tempo.} f5 52. Ke5 Kd7 53. Kxf5 Kc6 54. Kg6 Kxc5 55. Kxh5 Kd6 56. Kg6 Ke7 57.
Kg7 $18) 47. Kd5 f6 48. c6+ {Sehen Sie den Unterschied? Weiß hat keinen
besseren Zug und muß seinen Freibauern dem schwarzen König quasi zum Fraß
vorwerfen, ohne daß der sich erst noch annähern muß.} Kc7 49. Ke6 g5 50. Kf5 {
Der Weg über f5 ist freilich nicht kürzer als der über die Leiche des Bf6.}
gxh4 51. gxh4 Kxc6 52. Kg6 Kd7 1/2-1/2

[Event "San Martin"]
[Site "San Martin"]
[Date "1995.??.??"]
[Round "3"]
[White "Rodriguez Vila, Andres"]
[Black "Larsen, Bent"]
[Result "1-0"]
[WhiteElo "2435"]
[BlackElo "2505"]
[Annotator "Hecht,H"]
[PlyCount "113"]
[EventDate "1995.03.??"]
[EventType "tourn"]
[EventRounds "13"]
[EventCountry "ARG"]
[EventCategory "10"]
[SourceTitle "CBM 048"]
[Source "ChessBase"]
[SourceDate "1995.10.01"]
[SourceVersion "1"]
[SourceVersionDate "1995.10.01"]
[SourceQuality "1"]

1. e4 {King} c5 2. Nf3 e6 3. d4 cxd4 4. Nxd4 Nc6 5. Nc3 d6 6. Be3 Nf6 7. f3 Be7
8. Qd2 O-O 9. g4 Nxd4 10. Bxd4 a6 11. O-O-O b5 12. Kb1 Bb7 13. g5 Nd7 14. h4
Rc8 15. Bd3 Nc5 16. Rdg1 e5 17. Be3 b4 18. Nd5 Bxd5 19. exd5 Nxd3 20. Qxd3 Qc7
21. Rg4 a5 22. Rhg1 f5 {Baburin A typically provocative move from Larsen. How
many others would open the g-file when White already has two R barrelling down
towards the K? A closer look at the position reveals that Black is lacking a
plan if he doesn't push the f-pawn.} 23. gxf6 Bxf6 {Baburin Larsen is hoping
to prove that the f and h P will be weak.} 24. Bg5 Bxg5 25. Rxg5 Rf6 26. Rxg7+
Qxg7 27. Rxg7+ Kxg7 {Q-RR schwarze P-Schwächen, offener K, schlechte
R-connection} 28. a4 {Baburin At first glance I would say that Black has a
fine position. However, it is surprising how powerful the Q turns out to be. 
The reasons: there are plenty of weak P to attack; Black's K is exposed, which
can be exploited tactically; and Black's R are poorly coordinated.} Rc5 (28...
bxa3 29. Qxa3 (29. bxa3 Rcf8) 29... Rc4 {R-Zusammenspiel!}) 29. Qa6 h5 30. Qb6
Kg6 31. Qd8 Kf7 (31... Rc4 32. Qg8+ Kh6 33. Qg5+ $18) 32. Qh8 Rxd5 33. Qxh5+
Ke7 34. Qh7+ Rf7 35. Qe4 Rd4 36. Qb7+ Ke6 37. Qc8+ Ke7 38. h5 Rh4 39. Qc7+ Ke6
40. Qxa5 Rxf3 41. Qa8 Rf7 42. Qe8+ Re7 43. Qg8+ Kd7 44. Qg5 Rh1+ 45. Ka2 e4 46.
Qb5+ Ke6 47. a5 e3 48. Qe2 Kd7 49. a6 Rg1 (49... Kc8 $5 50. Qc4+ Kd8 (50... Rc7
51. a7 Rxc4 52. a8=Q+ $18) (50... Kb8 51. Qxb4+ Ka7 52. Qd4+ $18) 51. Qg8+ Re8
52. Qxe8+ Kxe8 53. a7 $18) 50. a7 Rg8 51. Qb5+ Ke6 52. Qc4+ d5 53. Qc6+ Ke5 54.
a8=Q Rxa8+ 55. Qxa8 e2 56. Qb8+ Kf6 57. Qf8+ 1-0